International development programs of the office of the foreign secretary (Record no. 23592)

MARC details
000 -LEADER
fixed length control field 00396nam a2200133Ia 4500
082 ## - DEWEY DECIMAL CLASSIFICATION NUMBER
Classification number 327
Item number BRO
100 ## - MAIN ENTRY--AUTHOR NAME
Personal name Tellez, Harrison
245 #0 - TITLE STATEMENT
Title International development programs of the office of the foreign secretary
260 ## - PUBLICATION, DISTRIBUTION, ETC. (IMPRINT)
Place of publication Washington
Name of publisher National Academy of Sc
Year of publication 1973
650 ## - SUBJECT ADDED ENTRY--TOPICAL TERM
Topical Term International relations
700 ## - ADDED ENTRY--PERSONAL NAME
Personal name Theresa
942 ## - ADDED ENTRY ELEMENTS (KOHA)
Koha item type Books
Holdings
Withdrawn status Lost status Damaged status Not for loan Home library Current library Date acquired Source of acquisition Full call number Accession Number Koha item type
        RRII Library RRII Library 16/12/2021 Auction 327 BRO 04290 Books